000
00279nam a2200121Ia 4500
008
190216s9999||||xx |||||||||||||| ||und||
100
_a
Balakrishnan.P.K
245
0
_a
Eani Njan Urangikotte
260
_b
Poorna Pubs Kozhikode
300
_a
297p
650
_a
Novel
942
_c
BK
999
_c
25283
_d
25283